In vitro models for cancer research / (Record no. 15775)

000 -LEADER
fixed length control field 00653cam a2200241 a 4500
020 ## - INTERNATIONAL STANDARD BOOK NUMBER
ISBN 0849355818 (v. 1)
040 ## - CATALOGING SOURCE
Transcribing agency DLC
082 00 - DEWEY DECIMAL CLASSIFICATION NUMBER
Classification number 616 CRC 1986 A056 Or.
245 00 - TITLE STATEMENT
Title In vitro models for cancer research /
260 ## - PUBLICATION, DISTRIBUTION, ETC. (IMPRINT)
Place of publication Boca Raton, Fla. :
Name of publisher CRC Press,
Year of publication c1985-c1986.
300 ## - PHYSICAL DESCRIPTION
Number of Pages v. <1, 3-4 > :
Other physical details ill. ;
Dimensions 27 cm.
650 #0 - SUBJECT ADDED ENTRY--TOPICAL TERM
Topical Term Cancer cells.
650 #0 - SUBJECT ADDED ENTRY--TOPICAL TERM
Topical Term Oncology, Experimental.
650 #0 - SUBJECT ADDED ENTRY--TOPICAL TERM
Topical Term Cell transformation.
650 #0 - SUBJECT ADDED ENTRY--TOPICAL TERM
Topical Term Cell culture.
650 #2 - SUBJECT ADDED ENTRY--TOPICAL TERM
Topical Term Neoplasms.
650 #2 - SUBJECT ADDED ENTRY--TOPICAL TERM
Topical Term Research.
650 #2 - SUBJECT ADDED ENTRY--TOPICAL TERM
Topical Term Cells, Cultured.
650 #2 - SUBJECT ADDED ENTRY--TOPICAL TERM
Topical Term Models, Biological.
700 1# - ADDED ENTRY--PERSONAL NAME
Personal name Webber, Mukta M.
700 1# - ADDED ENTRY--PERSONAL NAME
Personal name Sekely, Lea I.
942 ## - ADDED ENTRY ELEMENTS (KOHA)
Koha item type សៀវភៅភាសាអង់គ្លេស
952 ## - LOCATION AND ITEM INFORMATION (KOHA)
Withdrawn status [LOCAL, KOHA] 0
Holdings
Permanent Location Date acquired Koha item type Lost status Shelving location Barcode Current Location Full call number
Library Block A2017-12-09សៀវភៅភាសាអង់គ្លេស A056A09518Library Block A616 CRC 1986 A056 Or.
មជ្ឈមណ្ឌលឯការនៃសាកលវិទ្យាល័យភូមិន្ទកសិកម្មចំការដូង

Powered by Koha